Eight Provinces (Paldo) of Korea - Statistics

General Stats
  • This quiz has been taken 78 times
  • The average score is 6 of 8
Answers on the Map
Answers color-coded by a green-red scale on the quiz's map according to % correct below.
 
Answer Stats
Province (RR) Province (M-R) Hangul Hanja % Correct
Gyeonggi-do Kyŏnggi-to 경기도 京畿道
95%
Jeolla-do Chŏlla-to 전라도 全羅道
95%
Gangwon-do Kangwŏn-to 강원도 江原道
89%
Pyeongan-do P'yŏngan-to 평안도 平安道
80%
Chungcheong-do Ch'ungch'ŏng-to 충청도 忠淸道
77%
Gyeongsang-do Kyŏngsang-to 경상도 慶尙道
75%
Hwanghae-do Hwanghae-to 황해도 黃海道
70%
Hamgyeong-do Hamgyŏng-to 함경도 咸鏡道
66%
No matching quizzes found
Score Distribution
Percent of People with Each Score
Percentile by Number Answered
Your Score History
You have not taken this quiz